Faculty of Law Library — Cairo University

Official Online Catalog

La suppression des capitulations en Perse : (Record no. 75975)

MARC details
000 -LEADER
fixed length control field 01495nam a2200361 i 4500
003 - CONTROL NUMBER IDENTIFIER
control field EG-GICUC
005 - أخر تعامل مع التسجيلة
control field 20260506101142.0
008 - FIXED-LENGTH DATA ELEMENTS--GENERAL INFORMATION
fixed length control field 260506s 1932fr ||||f m||| 00| 0 fre d
040 ## - CATALOGING SOURCE
Original cataloguing agency EG-GICUC
Transcribing agency EG-GICUC
Modifying agency EG-GICUC
Description conventions rda
Language of cataloging: fre
041 0# - LANGUAGE CODE
Language code of text/sound track or separate title fre
049 ## - Acquisition Source
Acquisition Source Dévouement
082 04 - DEWEY DECIMAL CLASSIFICATION NUMBER
Classification number 341
Edition number 21
097 ## - Degree
Degree Doctorat
099 ## - LOCAL FREE-TEXT CALL NUMBER (OCLC)
Local Call Number Law 11 PHD 1930
100 0# - MAIN ENTRY--PERSONAL NAME
Authority record control number or standard number Matine-Daftary , Ahmad Khan
Preparation Auteur
245 10 - TITLE STATEMENT
Title La suppression des capitulations en Perse :
Remainder of title L'ancien régime et le statut actuel des étrangers dans L'Empire du Lion et Soleil /
Statement of responsibility, etc. par: Ahmad Khan Matine-Daftary , préface : Husein Khan Alâ.
264 #0 - PRODUCTION, PUBLICATION, DISTRIBUTION, MANUFACTURE, AND COPYRIGHT NOTICE
Place of production, publication, distribution, manufacture Paris :
Name of producer, publisher, distributor, manufacturer Les presses universitaires de france,
Date of production, publication, distribution, manufacture, or copyright notice 1930.
300 ## - PHYSICAL DESCRIPTION
Extent 265 pages;
Dimensions 25 cm.
336 ## - CONTENT TYPE
Content type term texte
Source rda contenu
337 ## - MEDIA TYPE
Media type term Ordinateur
Source rda medias
338 ## - CARRIER TYPE
Carrier type term Ressource en ligne
Source transporteur rda
500 ## - General note
General note FR
502 ## - DISSERTATION NOTE
Dissertation note Thèse de (doctorat) - Université de (Paris) - Faculté de (droit) , Département des finances publiques et de la législation fiscale, 1902
504 ## - BIBLIOGRAPHY, ETC. NOTE
Bibliography, etc. note Comprend des références bibliographiques.
650 04 - SUBJECT ADDED ENTRY--TOPICAL TERM
Topical term or geographic name entry element Droit international public
Source of heading or term qrmak
653 #0 - INDEX TERM--UNCONTROLLED
Uncontrolled term .
655 #4 - INDEX TERM--GENRE/FORM
Genre/form data or focus term Thèse universitaire
Geographic subdivision Universitaires de france
General subdivision Droit international public
700 0# - ADDED ENTRY--PERSONAL NAME
Personal name Alâ , Husein Khan.
Relator term Préfacier
856 ## - ELECTRONIC LOCATION AND ACCESS
Uniform Resource Identifier <a href="https://fll.law.cu.edu.eg/fulltext/th/T11-01967.pdf">https://fll.law.cu.edu.eg/fulltext/th/T11-01967.pdf</a>
900 ## - Thesis Information
Grant date 1930
Universities Universitaires de france
Faculties Faculté de droit
Department Droit international public
905 ## - Cataloger and Reviser Names
Cataloger Name: Dalia
942 ## - ADDED ENTRY ELEMENTS (KOHA)
Source of classification or shelving scheme Dewey Decimal Classification
Koha item type Thesis
Edition 21
Suppress in OPAC No
Holdings
Source of classification or shelving scheme Collection Home library Current library Date acquired Full call number Barcode Date last seen Copy number Effective from Koha item type
Dewey Decimal Classification القانون الدولي العام جــــامعة القــاهرة مكتبة كلية الحقوق - المبنى الرئيسي 06.05.2026 Law 11 PHD 1930 1101976 C1 T11-01976 06.05.2026 1 06.05.2026 Thesis

© All rights reserved — Faculty of Law, Cairo University